Improving social competence : (Record no. 6626)
[ view plain ]
| 000 -LEADER | |
|---|---|
| fixed length control field | 00708nam a2200181 4500 |
| 008 - FIXED-LENGTH DATA ELEMENTS--GENERAL INFORMATION | |
| fixed length control field | 170421b xxu||||| |||| 00| 0 eng d |
| 020 ## - INTERNATIONAL STANDARD BOOK NUMBER | |
| International Standard Book Number | 0-205-13757-1 |
| 082 ## - DEWEY DECIMAL CLASSIFICATION NUMBER | |
| Edition number | 1994 |
| Classification number | DC 302.1407 |
| Item number | C15 |
| 100 ## - MAIN ENTRY--PERSONAL NAME | |
| 9 (RLIN) | 20066 |
| Personal name | Campbell, Pam, 1942- |
| 245 ## - TITLE STATEMENT | |
| Title | Improving social competence : |
| Remainder of title | a resource for elementary school teachers / |
| Statement of responsibility, etc. | Pam Campbell, Gary N. Siperstein |
| 260 ## - PUBLICATION, DISTRIBUTION, ETC. (IMPRINT) | |
| Place of publication, distribution, etc. | Boston : |
| Name of publisher, distributor, etc. | Allyn and Bacon, |
| Date of publication, distribution, etc. | c1994. |
| 300 ## - PHYSICAL DESCRIPTION | |
| Extent | xxi, 275 pages : |
| Other physical details | illustrations ; |
| Dimensions | 28 cm. |
| 500 ## - GENERAL NOTE | |
| General note | Includes bibliographical references and index. |
| 650 #0 - SUBJECT ADDED ENTRY--TOPICAL TERM | |
| 9 (RLIN) | 20067 |
| Topical term or geographic name as entry element | Social skills -- Study and teaching (Elementary) |
| 650 #0 - SUBJECT ADDED ENTRY--TOPICAL TERM | |
| 9 (RLIN) | 20068 |
| Topical term or geographic name as entry element | Social skills in children |
| 700 ## - ADDED ENTRY--PERSONAL NAME | |
| 9 (RLIN) | 20069 |
| Personal name | Siperstein, Gary N |
| 942 ## - ADDED ENTRY ELEMENTS (KOHA) | |
| Source of classification or shelving scheme | Dewey Decimal Classification |
| Koha item type | Circulation |
| Withdrawn status | Lost status | Source of classification or shelving scheme | Damaged status | Not for loan | Collection code | Home library | Current library | Date acquired | Source of acquisition | Cost, normal purchase price | Total Checkouts | Full call number | Barcode | Date last seen | Copy number | Price effective from | Koha item type |
|---|---|---|---|---|---|---|---|---|---|---|---|---|---|---|---|---|---|
| Dewey Decimal Classification | Circulation | UM Digos College - LIC | UM Digos College - LIC | 04/03/2000 | Purchased | 1868.00 | DC 302.1407 C15 1994 | 14089 | 05/15/2025 | 2 | 04/21/2017 | Circulation | |||||
| Dewey Decimal Classification | Circulation | UM Digos College - LIC | UM Digos College - LIC | 04/03/2000 | Purchased | 1868.00 | DC 302.1407 C15 1994 | 14088 | 05/15/2025 | 1 | 04/21/2017 | Circulation |
